ბათუმის შოთა რუსთაველის სახელმწიფო უნივერსიტეტის ბიბლიოთეკა

მაცი ხვიტია: რომანი ანტონ ფურცელაძის (ბიბ.ჩანაწერი № 43589)

000 -LEADER
fixed length control field 00720nam a2200217Ia 4500
001 - CONTROL NUMBER
control field 10323
003 - CONTROL NUMBER IDENTIFIER
control field GE_BSU
008 - FIXED-LENGTH DATA ELEMENTS--GENERAL INFORMATION
fixed length control field 181216s||||||||xx |||||||||||||| ||und||
040 ## - CATALOGING SOURCE
Transcribing agency GE_BSU
080 ## - UNIVERSAL DECIMAL CLASSIFICATION NUMBER
Universal Decimal Classification number 821.353.1–311.3
100 ## - MAIN ENTRY--PERSONAL NAME
Personal name ფურცელაძე,ანტონ
245 ## - TITLE STATEMENT
Title მაცი ხვიტია: რომანი ანტონ ფურცელაძის
245 ## - TITLE STATEMENT
Statement of responsibility, etc. რედ.ლ.ბეჟანიძე.მხატვ. ლ.ლომაძე
260 ## - PUBLICATION, DISTRIBUTION, ETC.
Place of publication, distribution, etc. ბათუმი
260 ## - PUBLICATION, DISTRIBUTION, ETC.
Name of publisher, distributor, etc. საბჭოთა აჭარა
260 ## - PUBLICATION, DISTRIBUTION, ETC.
Date of publication, distribution, etc. 1991
300 ## - PHYSICAL DESCRIPTION
Extent 342გვ.18სმ.
653 ## - INDEX TERM--UNCONTROLLED
Uncontrolled term მაცი ხვიტია
653 ## - INDEX TERM--UNCONTROLLED
Uncontrolled term რომანი
942 ## - ADDED ENTRY ELEMENTS (KOHA)
Koha item type წიგნი
ეგზემპლარები
Withdrawn status Lost status Damaged status Not for loan Date acquired Barcode Date last seen Price effective from Koha item type
        2018-12-17 34044 2018-12-17 2018-12-17 წიგნი
        2018-12-17 34045 2018-12-17 2018-12-17 წიგნი
        2018-12-17 34046 2018-12-17 2018-12-17 წიგნი
        2018-12-17 34047 2018-12-17 2018-12-17 წიგნი
        2018-12-17 34048 2018-12-17 2018-12-17 წიგნი
        2018-12-17 34049 2018-12-17 2018-12-17 წიგნი
        2018-12-17 34050 2018-12-17 2018-12-17 წიგნი
        2018-12-17 34051 2018-12-17 2018-12-17 წიგნი
        2018-12-17 34052 2018-12-17 2018-12-17 წიგნი
        2018-12-17 34053 2018-12-17 2018-12-17 წიგნი